Dynamic modeling

Uloženo v:
Podrobná bibliografie
Hlavní autoři: Hannon, Bruce (Autor), Ruth, Mathias (Autor)
Médium: Kniha
Jazyk:angličtina
Vydáno: Nueva York Springer 1994
Témata:
Tagy: Přidat tag
Žádné tagy, Buďte první, kdo vytvoří štítek k tomuto záznamu!

MARC

LEADER 00000nam a2200000 a 4500
001 UCS6812
003 CL-VaPUC
008 971003e19940000US |||||||||||||||||eng|d
082 0 4 |a 003.3  |b HAN  |2 21 
100 0 |a Hannon, Bruce  |e author  |9 392197 
700 0 |a Ruth, Mathias  |e author  |9 392198 
245 1 0 |a Dynamic modeling 
300 |a 248 p 
942 |c BK 
945 |d 19971003 00:00:00  |a rleighto 
260 |a Nueva York  |b Springer  |c 1994 
500 |a Incluye dos diskettes 
650 0 |a Simulación por computador  |9 260988 
650 7 |a METODOS DE SIMULACION  |2 CL-VaPUC  |9 260497 
650 7 |a PROCESOS DE DATOS  |2 CL-VaPUC  |9 390968 
650 7 |a SIMULACION DIGITAL  |2 CL-VaPUC  |9 361357 
650 0 |a Aplicaciones de computadores  |9 260401 
650 7 |a HARDWARE  |2 CL-VaPUC  |9 345461 
650 7 |a SIMULACION DE SISTEMAS  |2 CL-VaPUC  |9 392199 
650 7 |a MODELOS DINAMICOS  |2 CL-VaPUC  |9 384805 
583 |a last modification  |c 19971003 00:00:00  |k Rodrigo Vera 
999 |c 262385  |d 262383 
952 |0 0  |1 0  |4 0  |6 003_300000000000000_HAN_1994  |7 0  |8 CCM  |9 290797  |a BIBCUR  |b BIBCUR  |d 2019-11-19  |i 335220K  |o 003.3 HAN 1994  |p 335220K  |r 2025-04-22  |w 2019-11-19  |y BK  |k CIM